000 00515nam a2200193Ia 4500
005 20240206093530.0
008 131103s9999 xx 000 0 und d
040 _aLoreto College
041 _aEnglish
082 _a370.15
_bKUP
245 _aAdvanced Educational Psychology,
_cEdited by B.Kuppuswamy
260 _aDelhi
_bSterling Publishers
_c1968
300 _a511 p.
_b ill.,fig.
504 _areprinted 1978
650 _aEducation
651 _aEducational Psychology
850 _aLCLIB
942 _cBK
999 _c9023
_d59502